| 000 | 00497nam a2200181Ia 4500 | ||
|---|---|---|---|
| 005 | 20250326124055.0 | ||
| 008 | 250326s9999 xx 000 0 und d | ||
| 037 | _aTextbook | ||
| 040 |
_aFMSL _beng _cFMSL |
||
| 041 |
_aeng _2eng |
||
| 084 |
_aXok8:8 L0 _qFMSL |
||
| 100 | _aVarshney R L | ||
| 245 | 0 |
_aManagerial economics _cVarshney R L; Maheshwari K L |
|
| 260 |
_aDelhi _bDelhi, Sultan Chand _c1970 |
||
| 300 | _a300p | ||
| 942 |
_cTB _hXok8:8 L0 |
||
| 999 |
_c1272164 _d1272164 |
||